[Event "Pardubice Open A"]
[Site "?"]
[Date "2015.07.27"]
[Round "4.72"]
[White "KOZLITIN, Oleg"]
[Black "ROUS, Daniel"]
[Result "1-0"]
[WhiteElo "2352"]
[BlackElo "2201"]
[PlyCount "57"]
[EventDate "2015.??.??"]
[WhiteClock "0:06:37"]
[BlackClock "0:00:34"]

1. e4 c5 2. Nf3 e6 3. d4 cxd4 4. Nxd4 Nc6 5. Nc3 Qc7 6. g3 a6 7. Bg2 Nf6 8. Nb3
Be7 9. f4 d6 10. O-O b5 11. a3 Bb7 12. Be3 O-O 13. g4 Rfe8 14. g5 Nd7 15. Rf3
Nf8 16. Rh3 Rac8 17. Qh5 Na5 18. Rf1 Nxb3 19. cxb3 f5 20. Bd4 e5 21. Be3 fxe4
22. f5 Red8 23. f6 g6 24. Qh6 Bxf6 25. gxf6 Qf7 26. Bxe4 Rxc3 27. Bxb7 Rxe3 28.
Bd5 Qxd5 29. Qg7# 1-0

[Event "Pardubice Open A"]
[Site "?"]
[Date "2015.07.27"]
[Round "4.73"]
[White "SHILOV, Sergej"]
[Black "GRIGORIAN, Spartak"]
[Result "1/2-1/2"]
[WhiteElo "2201"]
[BlackElo "2351"]
[PlyCount "175"]
[EventDate "2015.??.??"]
[WhiteClock "0:08:33"]
[BlackClock "0:21:15"]

1. Nf3 d5 2. d4 e6 3. c4 Nf6 4. g3 dxc4 5. Qa4+ Nbd7 6. Bg2 a6 7. Qxc4 b5 8.
Qc2 Bb7 9. O-O c5 10. dxc5 Bxc5 11. Nc3 Rc8 12. Qd1 O-O 13. Bf4 Qe7 14. Ne5
Bxg2 15. Kxg2 Nxe5 16. Bxe5 Rfd8 17. Qb3 Ng4 18. Bf4 e5 19. Bc1 Qb7+ 20. e4
Nxf2 21. Rxf2 Bxf2 22. Kxf2 Rd3 23. Be3 b4 24. Re1 a5 25. a3 Qxe4 26. axb4 Qxb4
27. Qxb4 axb4 28. Na2 Rc2+ 29. Re2 Rxe2+ 30. Kxe2 Rb3 31. Bc1 f5 32. Bd2 Rxb2
33. Nxb4 Kf7 34. Nd3 Rb5 35. Bc3 Ke6 36. h4 g6 37. Ba1 Ra5 38. Bc3 Ra2+ 39. Ke3
e4 40. Nf4+ Kf7 41. Ne2 h6 42. Be5 Ra3+ 43. Nc3 Rb3 44. Bd4 Ra3 45. Be5 Ra1 46.
Bf4 Rf1 47. Bxh6 Rf3+ 48. Kd4 Rd3+ 49. Kc4 Rxg3 50. Bg5 Rd3 51. Nd5 Rd1 52. Nc3
Ra1 53. Nd5 Ra6 54. Kd4 Ra5 55. Ke5 Ra6 56. Kd4 Ra8 57. Ke5 Rb8 58. Kd4 Ra8 59.
Ke5 Rg8 60. Nf6 Rd8 61. Nd5 Rd7 62. Bh6 Ra7 63. Bg5 Ra4 64. Ne3 Ra5+ 65. Nd5
Ra3 66. Bf4 Rd3 67. Bg5 Rf3 68. Kd4 Ke6 69. Nf4+ Kf7 70. Nd5 Rf1 71. Ke5 Rh1
72. Kd4 Rf1 73. Ke5 Rd1 74. Bh6 Rd3 75. Bg5 Rh3 76. Kd4 Ra3 77. Ke5 Ra4 78. Be3
Rc4 79. Bg5 Rc6 80. Be3 Re6+ 81. Kd4 Re8 82. Bg5 Re6 83. Be3 Rd6 84. Ke5 Rd8
85. Bg5 Rg8 86. Nf6 Rd8 87. Nd5 Rd7 88. Bh6 1/2-1/2

[Event "Pardubice Open A"]
[Site "?"]
[Date "2015.07.27"]
[Round "4.74"]
[White "GUTENEV, Alexander"]
[Black "KRATOCHVIL, Karel"]
[Result "1-0"]
[WhiteElo "2349"]
[BlackElo "2154"]
[PlyCount "85"]
[EventDate "2015.??.??"]
[WhiteClock "0:13:59"]
[BlackClock "0:04:19"]

1. e4 e5 2. Nf3 Nf6 3. d4 Nxe4 4. Bd3 Nc6 5. O-O d5 6. dxe5 Nc5 7. Be2 Be7 8.
Be3 Be6 9. Bb5 O-O 10. Nc3 a6 11. Bxc6 bxc6 12. Nd4 Qd7 13. f4 f5 14. a3 Ne4
15. Nxe4 dxe4 16. Qe2 c5 17. Nxe6 Qxe6 18. Qd2 Rfd8 19. Qc3 Rd5 20. Rad1 Rad8
21. Rxd5 Qxd5 22. Qa5 Qc4 23. Qxc7 Qe2 24. Qxe7 Qxe3+ 25. Kh1 Qd2 26. e6 Qd1
27. Rg1 e3 28. Qf7+ Kh8 29. Qf8+ Rxf8 30. Rxd1 Re8 31. Rd3 g5 32. Rxe3 gxf4 33.
Re1 Kg7 34. e7 Kf6 35. b4 Rxe7 36. Rxe7 Kxe7 37. c4 Ke6 38. Kg1 Ke5 39. Kf2 Kd4
40. b5 axb5 41. cxb5 c4 42. b6 c3 43. Ke2 1-0

[Event "Pardubice Open A"]
[Site "?"]
[Date "2015.07.27"]
[Round "4.75"]
[White "FOLK, Petr"]
[Black "NGUYEN, Thai Dai Van"]
[Result "0-1"]
[WhiteElo "2217"]
[BlackElo "2349"]
[PlyCount "70"]
[EventDate "2015.??.??"]
[WhiteClock "0:05:25"]
[BlackClock "0:10:30"]

1. e4 c5 2. Nc3 d6 3. Nge2 Nf6 4. d4 cxd4 5. Nxd4 a6 6. Bg5 e6 7. f4 h6 8. Bh4
Qb6 9. Qd2 Qxb2 10. Rb1 Qa3 11. f5 Be7 12. fxe6 fxe6 13. Bc4 Nxe4 14. Nxe4
Bxh4+ 15. g3 Bg5 16. Nxg5 hxg5 17. Rb3 Qc5 18. Rc3 Nc6 19. Nb3 Qf5 20. Rf1 Qe4+
21. Kd1 Ne5 22. Bd3 Nxd3 23. Rxd3 Bd7 24. Rd4 Qe5 25. Re1 Qf6 26. Rxd6 O-O-O
27. Kc1 g4 28. Kb1 Bc6 29. Rexe6 Qxe6 30. Rxe6 Rxd2 31. Nxd2 Rxh2 32. Ne4 Rg2
33. Nc5 Rxg3 34. Nxa6 Rg1+ 35. Kb2 g3 0-1

[Event "Pardubice Open A"]
[Site "?"]
[Date "2015.07.27"]
[Round "4.76"]
[White "KOZUSEK, Daniel"]
[Black "BARRISH, Daniel"]
[Result "1/2-1/2"]
[WhiteElo "2346"]
[BlackElo "2150"]
[PlyCount "43"]
[EventDate "2015.??.??"]
[WhiteClock "0:45:11"]
[BlackClock "0:14:36"]

1. d4 Nf6 2. c4 g6 3. Nf3 Bg7 4. g3 d5 5. cxd5 Nxd5 6. Bg2 Nb6 7. Nc3 Nc6 8. d5
Bxc3+ 9. bxc3 Qxd5 10. Bd2 O-O 11. O-O Qc4 12. a4 Nd5 13. a5 Nxc3 14. Bxc3 Qxc3
15. a6 Rb8 16. Qa4 Qb4 17. axb7 Bxb7 18. Qxb4 Nxb4 19. Rxa7 c5 20. Rc1 Rfc8 21.
Ne5 Bxg2 22. Kxg2 1/2-1/2

[Event "Pardubice Open A"]
[Site "?"]
[Date "2015.07.27"]
[Round "4.77"]
[White "KOLOLLI, Martin"]
[Black "YAGUPOV, Igor"]
[Result "0-1"]
[WhiteElo "2187"]
[BlackElo "2342"]
[PlyCount "116"]
[EventDate "2015.??.??"]
[WhiteClock "0:14:47"]
[BlackClock "0:27:13"]

1. e4 c5 2. c3 Nf6 3. e5 Nd5 4. d4 cxd4 5. Nf3 e6 6. cxd4 d6 7. a3 Bd7 8. Bd3
Bc6 9. O-O Nd7 10. Re1 Rc8 11. exd6 Bxd6 12. Ne5 O-O 13. Qh5 N5f6 14. Qh3 Bxe5
15. dxe5 Nxe5 16. Bf1 Ng6 17. Nc3 Nd5 18. Nxd5 Bxd5 19. Be3 a6 20. Rac1 Rxc1
21. Rxc1 Qd7 22. Qg3 Rc8 23. Rxc8+ Qxc8 24. Bd3 f5 25. Qg5 Qd7 26. Be2 Qe7 27.
Qg3 e5 28. Bd2 Qe6 29. Bf1 Bc4 30. Qg5 Bxf1 31. Qd8+ Kf7 32. Kxf1 Qc4+ 33. Ke1
Qe4+ 34. Kf1 Ne7 35. Qc7 Qb1+ 36. Ke2 Qxb2 37. g3 h6 38. h4 Qb5+ 39. Ke1 Qc6
40. Qxe5 Qe6 41. Qxe6+ Kxe6 42. Bc3 g6 43. Ke2 h5 44. f3 Kd5 45. Kd3 b5 46. Bb4
Nc6 47. Bf8 a5 48. Ke3 b4 49. axb4 axb4 50. Bxb4 Nxb4 51. Kf4 Ke6 52. Kg5 Kf7
53. g4 fxg4 54. fxg4 hxg4 55. Kxg4 Nd5 56. Kg5 Nf6 57. Kh6 Nh5 58. Kg5 Kg7 0-1

[Event "Pardubice Open A"]
[Site "?"]
[Date "2015.07.27"]
[Round "4.78"]
[White "SMOLKOV, Igor"]
[Black "KULA, Dominik"]
[Result "1-0"]
[WhiteElo "2328"]
[BlackElo "2145"]
[PlyCount "61"]
[EventDate "2015.??.??"]
[WhiteClock "0:13:45"]
[BlackClock "0:21:41"]

1. e4 c5 2. Nf3 d6 3. d4 cxd4 4. Nxd4 Nf6 5. Nc3 a6 6. Bg5 e6 7. f4 h6 8. Bh4
Qb6 9. Qd2 Qxb2 10. Nb3 Qa3 11. Be2 Be7 12. O-O Qb4 13. Bf3 Qb6+ 14. Kh1 Nc6
15. Rae1 Qc7 16. Bg3 O-O 17. Qe3 b5 18. e5 Ne8 19. exd6 Bxd6 20. Ne4 Bb7 21.
Nxd6 Qxd6 22. f5 Qe7 23. Nc5 Rc8 24. fxe6 fxe6 25. Nxb7 Qxb7 26. Qxe6+ Kh8 27.
Bxc6 Rxf1+ 28. Rxf1 Qxc6 29. Rf8+ Kh7 30. Qf5+ g6 31. Qf7+ 1-0

[Event "Pardubice Open A"]
[Site "?"]
[Date "2015.07.27"]
[Round "4.79"]
[White "BARAEVA, Marina"]
[Black "MAREK, Matyas"]
[Result "1/2-1/2"]
[WhiteElo "2182"]
[BlackElo "2326"]
[PlyCount "63"]
[EventDate "2015.??.??"]
[WhiteClock "0:54:06"]
[BlackClock "0:27:01"]

1. d4 d5 2. Nf3 Nf6 3. c4 e6 4. Nc3 c6 5. Bg5 Nbd7 6. e3 Qa5 7. Nd2 Bb4 8. Qc2
dxc4 9. Bxf6 Nxf6 10. Nxc4 Qd5 11. a3 Bxc3+ 12. bxc3 c5 13. f3 cxd4 14. cxd4
O-O 15. Ne5 Bd7 16. Bc4 Rac8 17. Qb3 Qa5+ 18. Qb4 Qc7 19. O-O Bc6 20. Rfc1 Nd7
21. Nxc6 Qxc6 22. Rc2 Nb6 23. Bb3 Qd7 24. Rac1 Rxc2 25. Rxc2 Rc8 26. Rc5 g6 27.
a4 Rxc5 28. Qxc5 Nxa4 29. Qxa7 Nc3 30. Qb8+ Kg7 31. Qe5+ Kg8 32. Qb8+ 1/2-1/2

[Event "Pardubice Open A"]
[Site "?"]
[Date "2015.07.27"]
[Round "4.80"]
[White "REHN, Ralf"]
[Black "RJABZEV, Konstantin"]
[Result "1/2-1/2"]
[WhiteElo "2156"]
[BlackElo "2314"]
[PlyCount "58"]
[EventDate "2015.??.??"]
[WhiteClock "0:13:14"]
[BlackClock "0:16:54"]

1. d4 d6 2. Nf3 g6 3. e4 Bg7 4. Bd3 c5 5. dxc5 Qa5+ 6. Bd2 Qxc5 7. Bc3 Nf6 8.
Bd4 Qa5+ 9. Nbd2 Nc6 10. Bc3 Qc7 11. Nc4 O-O 12. Ne3 Ng4 13. Nd5 Bxc3+ 14. bxc3
Qa5 15. Qd2 e6 16. h3 exd5 17. hxg4 dxe4 18. Bxe4 Re8 19. Ng5 f6 20. Nxh7 Rxe4+
21. Kf1 Kf7 22. g5 Qb5+ 23. Kg1 Qe5 24. gxf6 Re2 25. Qh6 Re1+ 26. Rxe1 Qxe1+
27. Kh2 Qe5+ 28. Kg1 Qe1+ 29. Kh2 Qe5+ 1/2-1/2

[Event "Pardubice Open A"]
[Site "?"]
[Date "2015.07.27"]
[Round "4.81"]
[White "KOWALCZYK, Rafal"]
[Black "JANZELJ, Tim"]
[Result "0-1"]
[WhiteElo "2158"]
[BlackElo "2312"]
[PlyCount "62"]
[EventDate "2015.??.??"]
[WhiteClock "0:01:10"]
[BlackClock "0:02:24"]

1. e4 c5 2. c3 d5 3. exd5 Nf6 4. d4 Nxd5 5. Nf3 e6 6. Bd3 cxd4 7. Nxd4 Bd7 8.
c4 Nb4 9. Be2 e5 10. Nf3 e4 11. Ng5 Be7 12. Nxe4 Bc6 13. f3 Bxe4 14. fxe4 N8c6
15. Nc3 Bc5 16. a3 Qf6 17. axb4 Qf2+ 18. Kd2 O-O-O+ 19. Nd5 Nxb4 20. Kc3 Rhe8
21. Rf1 Qxg2 22. Bg4+ Kb8 23. Bf4+ Bd6 24. Bxd6+ Rxd6 25. Kxb4 Rxe4 26. Bf3
Qxb2+ 27. Qb3 Rxc4+ 28. Kxc4 Rc6+ 29. Kb4 Qd4+ 30. Ka5 Qc5+ 31. Qb5 Ra6# 0-1

[Event "Pardubice Open A"]
[Site "?"]
[Date "2015.07.27"]
[Round "4.82"]
[White "JEDLICKA, Ales"]
[Black "KRATOCHVIL, Vit"]
[Result "1-0"]
[WhiteElo "2299"]
[BlackElo "2140"]
[PlyCount "85"]
[EventDate "2015.??.??"]
[WhiteClock "0:29:48"]
[BlackClock "0:06:46"]

1. d4 g6 2. c4 Bg7 3. e4 d6 4. Nc3 Nd7 5. Nf3 e5 6. Be2 Ngf6 7. O-O O-O 8. Be3
exd4 9. Nxd4 Re8 10. f3 c6 11. Qd2 Qe7 12. Bg5 Nb6 13. Rad1 Bd7 14. Rfe1 d5 15.
cxd5 cxd5 16. exd5 Qc5 17. Bxf6 Bxf6 18. Ne4 Rxe4 19. fxe4 Re8 20. b4 Qe7 21.
Nf3 Bg4 22. e5 Bg7 23. d6 Qd8 24. Qf4 Bxf3 25. Bxf3 Nd7 26. e6 fxe6 27. Bg4 Nf8
28. d7 Re7 29. Qd6 Bf6 30. Bxe6+ Kg7 31. Bg4 h5 32. Rxe7+ Bxe7 33. Qxe7+ Qxe7
34. d8=Q Qxd8 35. Rxd8 hxg4 36. Rb8 b6 37. Rb7+ Kf6 38. Rxa7 Ke6 39. Rb7 Nd7
40. Rxd7 Kxd7 41. Kf2 Kc6 42. a4 Kd5 43. a5 1-0

[Event "Pardubice Open A"]
[Site "Pardubice (CZE)"]
[Date "2015.07.27"]
[Round "4.83"]
[White "BERNOTAS, Arturs"]
[Black "HANSCH, Torsten"]
[Result "1-0"]
[WhiteElo "2292"]
[BlackElo "2113"]
[PlyCount "99"]
[EventDate "2015.07.24"]

1. e4 c5 2. Nf3 d6 3. Bb5+ Bd7 4. Bxd7+ Qxd7 5. O-O Nf6 6. e5 dxe5 7. Nxe5 Qc8
8. Qf3 e6 9. Nc3 Be7 10. d3 O-O 11. Bg5 Nd5 12. Bd2 Nb4 13. Qd1 N8c6 14. Nc4
Nd5 15. Nxd5 exd5 16. Ne3 Qd7 17. c4 dxc4 18. dxc4 Bf6 19. Bc3 Qxd1 20. Rfxd1
Bxc3 21. bxc3 Rfd8 22. Rd5 b6 23. Rad1 Kf8 24. Rd7 Rxd7 25. Rxd7 Ne5 26. Rc7
Rd8 27. f4 Nd3 28. g3 g5 29. fxg5 Re8 30. Nf5 Ne5 31. h4 a5 32. Ne3 Rd8 33. Nf5
Nxc4 34. Kf2 Nd6 35. Nxd6 Rxd6 36. Ke3 h6 37. gxh6 Rxh6 38. Rb7 Rd6 39. Ke4 Kg7
40. g4 Kf6 41. Kf4 Kg7 42. g5 Kg6 43. Kg4 Kg7 44. h5 Kg8 45. Rb8+ Kh7 46. a4
Rd3 47. h6 Rxc3 48. Rf8 Rc1 49. Rxf7+ Kg8 50. g6 1-0

[Event "Pardubice Open A"]
[Site "Pardubice (CZE)"]
[Date "2015.07.27"]
[Round "4.84"]
[White "XYLOGIANNOPOULOS, Antonios"]
[Black "RIETZE, Clemens"]
[Result "1-0"]
[WhiteElo "2153"]
[BlackElo "2289"]
[PlyCount "71"]
[EventDate "2015.07.24"]

1. e4 c5 2. c3 d6 3. d4 Nf6 4. Bd3 g6 5. Nf3 Bg7 6. O-O O-O 7. h3 cxd4 8. cxd4
d5 9. e5 Ne4 10. Re1 Bf5 11. Nc3 Nxc3 12. bxc3 Bxd3 13. Qxd3 Nc6 14. e6 Bf6 15.
Bh6 Re8 16. Ng5 Bxg5 17. exf7+ Kxf7 18. Bxg5 Qd6 19. Re3 e5 20. dxe5 Nxe5 21.
Qd4 Nc6 22. Qh4 Kg8 23. Rd3 Ne5 24. Rd4 Rac8 25. Rad1 Rxc3 26. Rxd5 Qc6 27. Rd8
Nf7 28. Rxe8+ Qxe8 29. Bf6 Rc8 30. Qb4 Qc6 31. Ba1 Ng5 32. Qd4 Rc7 33. Qh8+ Kf7
34. Qg7+ Ke8 35. Qg8+ Ke7 36. Qd8+ 1-0

[Event "Pardubice Open A"]
[Site "Pardubice (CZE)"]
[Date "2015.07.27"]
[Round "4.85"]
[White "MACHAN, Jan"]
[Black "STEFANOV, Emil"]
[Result "1-0"]
[WhiteElo "2286"]
[BlackElo "2088"]
[PlyCount "65"]
[EventDate "2015.07.24"]

1. Nf3 Nf6 2. g3 d5 3. Bg2 c5 4. O-O Nc6 5. d4 cxd4 6. Nxd4 Bd7 7. c4 e5 8.
Nxc6 Bxc6 9. Bg5 d4 10. Bxc6+ bxc6 11. Qa4 Qd7 12. Bxf6 gxf6 13. Nd2 h5 14. f4
h4 15. Ne4 O-O-O 16. f5 d3 17. exd3 hxg3 18. hxg3 Bc5+ 19. Kg2 Be3 20. Rad1 Rh6
21. c5 Kb8 22. b4 Rdh8 23. Nd6 Rh2+ 24. Kf3 Bf4 25. Rg1 R2h3 26. Rb1 e4+ 27.
Kxf4 Qe7 28. Nxe4 Qe5+ 29. Ke3 Rd8 30. b5 Qd5 31. bxc6+ Ka8 32. Qb5 Qd4+ 33.
Kf3 1-0

[Event "Pardubice Open A"]
[Site "Pardubice (CZE)"]
[Date "2015.07.27"]
[Round "4.86"]
[White "KOTYK, Vaclav"]
[Black "BEKHOVSKIY, Mikhail"]
[Result "1/2-1/2"]
[WhiteElo "2147"]
[BlackElo "2286"]
[PlyCount "130"]
[EventDate "2015.07.24"]

1. d4 Nf6 2. c4 e6 3. Nf3 b6 4. g3 Bb7 5. Bg2 Be7 6. O-O O-O 7. Re1 d6 8. Nc3
Nbd7 9. e4 e5 10. h3 Re8 11. Qc2 Bf8 12. d5 a5 13. Be3 Ba6 14. Nd2 Nc5 15. a3
Bb7 16. b4 axb4 17. axb4 Na6 18. Qb3 Nd7 19. Ra2 Qc8 20. Rea1 c5 21. dxc6 Bxc6
22. Nd5 Bxd5 23. cxd5 Qb7 24. Bf1 Nc7 25. Qc4 Rxa2 26. Rxa2 Nb8 27. b5 Na8 28.
Rc2 Be7 29. Nb3 Kf8 30. Nc1 Bd8 31. Nd3 Nd7 32. Qc6 Qxc6 33. dxc6 Nc5 34. Nxc5
dxc5 35. Bc4 Bc7 36. Ra2 h6 37. f4 Ke7 38. fxe5 Rg8 39. Kg2 Rd8 40. Rf2 Rf8 41.
e6 f6 42. Rd2 Rd8 43. Rd7+ Rxd7 44. exd7 g5 45. g4 Be5 46. Kf3 Nc7 47. h4 Na8
48. h5 Kd8 49. Ke2 Ke7 50. Kd3 Kd8 51. Bd5 Nc7 52. Kc4 Na8 53. Bxc5 bxc5 54.
Kxc5 Bc7 55. Bb3 Nb6 56. Bd1 Ke7 57. Bb3 Na8 58. Kd5 Bb6 59. Kc4 Nc7 60. Kb4
Na8 61. Kc4 Ke6 62. Kd3+ Ke5 63. Bd5 Bc7 64. Bg8 Nb6 65. Bb3 Kf4 1/2-1/2

[Event "Pardubice Open A"]
[Site "Pardubice (CZE)"]
[Date "2015.07.27"]
[Round "4.87"]
[White "TOPORKOVA, Sofia"]
[Black "GIANNOULAKIS, Labros"]
[Result "1-0"]
[WhiteElo "1953"]
[BlackElo "2283"]
[PlyCount "92"]
[EventDate "2015.07.24"]

1. c4 Nf6 2. Nc3 g6 3. e4 d6 4. d4 Bg7 5. Nf3 O-O 6. Be2 e5 7. Be3 Na6 8. d5
Nh5 9. g3 Nf6 10. Nd2 Ne8 11. a3 f5 12. f3 Bf6 13. b4 Bg5 14. Bf2 Nf6 15. h4
Bh6 16. Qc2 c6 17. Bd3 fxe4 18. Ndxe4 cxd5 19. cxd5 Nxe4 20. Bxe4 Bf5 21. O-O
Rc8 22. Qd3 b6 23. Nb5 Bxe4 24. fxe4 Qd7 25. Nxd6 Qxd6 26. Qxa6 Rc2 27. Qd3 Rd2
28. Qc3 Qd7 29. Be3 Bxe3+ 30. Qxe3 Rxf1+ 31. Rxf1 Rc2 32. Qf3 Qe7 33. Qd3 Rc8
34. Kg2 Qd6 35. Rf2 Qe7 36. Rc2 Qd7 37. Rxc8+ Qxc8 38. d6 Kf8 39. d7 Qd8 40.
Qd6+ Kf7 41. a4 Kg8 42. Qe6+ Kf8 43. Qxe5 Qxd7 44. Qh8+ Ke7 45. Qxh7+ Kd6 46.
Qxd7+ Kxd7 1-0

[Event "Pardubice Open A"]
[Site "Pardubice (CZE)"]
[Date "2015.07.27"]
[Round "4.88"]
[White "SEVERINA, Maria"]
[Black "KAROUSOS-THEODORAKIS, Nikolaos"]
[Result "1/2-1/2"]
[WhiteElo "2276"]
[BlackElo "2073"]
[PlyCount "87"]
[EventDate "2015.07.24"]

1. Nf3 g6 2. d4 Nf6 3. c4 Bg7 4. Nc3 O-O 5. e4 d6 6. Be2 e5 7. O-O c6 8. Re1
exd4 9. Nxd4 Re8 10. Bf1 Nbd7 11. f3 Ne5 12. Be3 a6 13. a4 c5 14. Nc2 Be6 15.
Nd5 Nxd5 16. cxd5 Bd7 17. b4 cxb4 18. Nxb4 f5 19. exf5 Bxf5 20. Rc1 Qh4 21. Na2
Rac8 22. Bf2 Qf6 23. Qb3 Qf7 24. Nb4 Bh6 25. Rxc8 Rxc8 26. h3 a5 27. Nd3 Nc4
28. Qb5 Qd7 29. Qxd7 Bxd7 30. Nc5 dxc5 31. Bxc4 Bf8 32. Rb1 Bxa4 33. Rxb7 Bd6
34. Ra7 Rb8 35. g3 Rb1+ 36. Kg2 Rb4 37. Bf1 c4 38. Ra6 Be5 39. f4 Bg7 40. Ra8+
Kf7 41. Ra7+ Kg8 42. Ra8+ Kf7 43. Ra7+ Kg8 44. Ra8+ 1/2-1/2

[Event "Pardubice Open A"]
[Site "Pardubice (CZE)"]
[Date "2015.07.27"]
[Round "4.89"]
[White "KUBIK, Michael"]
[Black "KYAS, Philipp"]
[Result "1/2-1/2"]
[WhiteElo "2275"]
[BlackElo "2049"]
[PlyCount "60"]
[EventDate "2015.07.24"]

1. Nf3 d5 2. d4 c5 3. c4 e6 4. cxd5 exd5 5. g3 Nc6 6. Bg2 Nf6 7. Nc3 Be7 8. O-O
O-O 9. Bg5 Be6 10. Qa4 c4 11. Qc2 h6 12. Bxf6 Bxf6 13. Rad1 Re8 14. e3 Qd7 15.
Ne5 Bxe5 16. dxe5 Nb4 17. Qb1 Nd3 18. Rxd3 cxd3 19. Qxd3 Rad8 20. Rd1 Bg4 21.
f3 Bf5 22. Qd4 Qc7 23. Nxd5 Qc2 24. e4 Be6 25. f4 Rc8 26. Ne3 Qe2 27. Bf1 Qf3
28. Bg2 Qe2 29. Bf1 Qf3 30. Bg2 Qe2 1/2-1/2

[Event "Pardubice Open A"]
[Site "Pardubice (CZE)"]
[Date "2015.07.27"]
[Round "4.90"]
[White "GUNGL, Theo"]
[Black "VYBIRAL, Zdenek"]
[Result "1/2-1/2"]
[WhiteElo "2131"]
[BlackElo "2267"]
[PlyCount "147"]
[EventDate "2015.07.24"]

1. e4 e6 2. d4 d5 3. Nd2 a6 4. c3 c5 5. Ngf3 Nc6 6. exd5 exd5 7. dxc5 Bxc5 8.
Nb3 Bb6 9. Be2 Nf6 10. O-O h6 11. Bf4 O-O 12. Nfd4 Re8 13. Nxc6 bxc6 14. Bf3
Ne4 15. Bg3 Qf6 16. Rc1 a5 17. Re1 Ba6 18. Qc2 Nxg3 19. hxg3 Re5 20. Rxe5 Qxe5
21. g4 Re8 22. Qd2 Bc4 23. Nd4 c5 24. Nc2 d4 25. cxd4 cxd4 26. Re1 Qb8 27.
Rxe8+ Qxe8 28. Nxd4 Bxa2 29. b3 Bxd4 30. Qxd4 Bxb3 31. Bd5 Bxd5 32. Qxd5 Qe1+
33. Kh2 Qb4 34. Qd8+ Kh7 35. Qd3+ g6 36. Qd5 Kg8 37. Qe5 a4 38. Qe8+ Kg7 39.
Qe5+ Kh7 40. Qf6 Qb3 41. g5 hxg5 42. Qxg5 Qb8+ 43. g3 a3 44. Qe7 Qb3 45. Qh4+
Kg7 46. Qd4+ f6 47. Qd7+ Qf7 48. Qa4 a2 49. Qa3 Qe6 50. Qa7+ Kh6 51. Qa8 g5 52.
Qh8+ Kg6 53. Qa8 f5 54. Qa7 f4 55. g4 Kf6 56. Qd4+ Kf7 57. Qa7+ Kg8 58. Qa8+
Kh7 59. Qa7+ Kh8 60. Qa5 Qh6+ 61. Kg1 Qe6 62. Kh2 f3 63. Qd8+ Kh7 64. Qc7+ Kg8
65. Qb8+ Kf7 66. Qa7+ Kf6 67. Kh3 Qd5 68. Qa6+ Ke5 69. Qa3 Kd4 70. Qe3+ Kc4 71.
Qa3 Qd2 72. Qa4+ Kd3 73. Qa6+ Ke4 74. Qc6+ 1/2-1/2

[Event "Pardubice Open A"]
[Site "?"]
[Date "2015.07.28"]
[Round "5.2"]
[White "MOVSESIAN, Sergei"]
[Black "BAGI, Mate"]
[Result "1-0"]
[WhiteElo "2653"]
[BlackElo "2417"]
[PlyCount "97"]
[EventDate "2015.??.??"]
[WhiteClock "0:37:03"]
[BlackClock "0:18:28"]

1. e4 e5 2. Nf3 Nc6 3. Be2 Nf6 4. d3 d5 5. Nbd2 Bc5 6. O-O O-O 7. c3 a5 8. h3
Re8 9. a4 Ba7 10. Qc2 h6 11. Re1 Be6 12. exd5 Nxd5 13. Bf1 Nf4 14. Nc4 Bxc4 15.
dxc4 Qf6 16. Nh2 Rad8 17. Be3 Qg6 18. Qxg6 Nxg6 19. Bxa7 Nxa7 20. Rad1 Nc6 21.
Ng4 Rxd1 22. Rxd1 Rd8 23. Rxd8+ Nxd8 24. c5 Nc6 25. Ne3 Nge7 26. Bc4 Kf8 27.
Kf1 Ke8 28. Ke2 f6 29. Kd3 f5 30. Be6 g6 31. g4 e4+ 32. Ke2 Ne5 33. gxf5 Nd3
34. b4 gxf5 35. Bxf5 Nf4+ 36. Kd2 Nxf5 37. Nxf5 Nxh3 38. Ke3 Kd7 39. Nxh6 Ke6
40. Ng4 axb4 41. cxb4 Kd5 42. Nf6+ Kc4 43. c6 b6 44. b5 Ng5 45. Ne8 Ne6 46.
Kxe4 Kb4 47. Ke5 Nc5 48. Nxc7 Nd3+ 49. Kd4 1-0

[Event "Pardubice Open A"]
[Site "?"]
[Date "2015.07.28"]
[Round "5.3"]
[White "VOROBIOV, Evgeny E"]
[Black "RAZNIKOV, Danny"]
[Result "1/2-1/2"]
[WhiteElo "2582"]
[BlackElo "2500"]
[PlyCount "33"]
[EventDate "2015.??.??"]
[WhiteClock "0:35:44"]
[BlackClock "1:25:28"]

1. d4 Nf6 2. c4 e6 3. Nf3 d5 4. g3 dxc4 5. Bg2 Bd7 6. Ne5 Bc6 7. Nxc6 Nxc6 8.
O-O Qd7 9. e3 O-O-O 10. Nd2 e5 11. Nxc4 exd4 12. Qb3 Nd5 13. Rd1 Bc5 14. Ne5
Nxe5 15. exd4 c6 16. dxc5 Qf5 17. Bxd5 1/2-1/2

[Event "Pardubice Open A"]
[Site "?"]
[Date "2015.07.28"]
[Round "5.4"]
[White "GHOSH, Diptayan"]
[Black "JAKUBOWSKI, Krzysztof"]
[Result "1-0"]
[WhiteElo "2523"]
[BlackElo "2565"]
[PlyCount "71"]
[EventDate "2015.??.??"]
[WhiteClock "0:06:00"]
[BlackClock "0:28:38"]

1. d4 d5 2. c4 e6 3. Nf3 Nf6 4. g3 dxc4 5. Bg2 Bd7 6. Ne5 Bc6 7. Nxc6 Nxc6 8.
O-O Qd7 9. e3 Nd5 10. Nd2 f5 11. Nxc4 h5 12. Bd2 h4 13. b4 hxg3 14. hxg3 g5 15.
b5 Qh7 16. Re1 Nce7 17. e4 fxe4 18. Qg4 Bg7 19. Qxe6 Bxd4 20. Rxe4 Bxa1 21.
Qxd5 Rd8 22. Qxg5 Rd4 23. Re1 Rxc4 24. Rxa1 Re4 25. Qc5 Re2 26. Bf4 Qc2 27.
Qxa7 Qc3 28. Rf1 Ng6 29. Be3 Re1 30. Qxb7 Rxf1+ 31. Bxf1 Ne5 32. Qe4 O-O 33.
Kg2 Rd8 34. Bf4 Re8 35. a4 Kf7 36. a5 1-0

[Event "Pardubice Open A"]
[Site "?"]
[Date "2015.07.28"]
[Round "5.5"]
[White "CVEK, Robert"]
[Black "BORUCHOVSKY, Avital"]
[Result "1-0"]
[WhiteElo "2517"]
[BlackElo "2539"]
[PlyCount "65"]
[EventDate "2015.??.??"]
[WhiteClock "0:14:33"]
[BlackClock "0:20:59"]

1. d4 Nf6 2. c4 g6 3. Nc3 d5 4. Nf3 Bg7 5. cxd5 Nxd5 6. Bd2 Nb6 7. e3 O-O 8.
Be2 Nc6 9. O-O e5 10. Nxe5 Nxe5 11. dxe5 Bxe5 12. Qc2 c6 13. Rfd1 Qe7 14. a4
Be6 15. a5 Nc4 16. Be1 f5 17. Na4 Nd6 18. Qc5 Bd5 19. Nc3 Nc8 20. Qxe7 Nxe7 21.
Nxd5 Nxd5 22. a6 b6 23. Rac1 Rac8 24. b4 b5 25. Bf3 Kg7 26. Kf1 Kf6 27. Bxd5
cxd5 28. f4 Bd6 29. Rxc8 Rxc8 30. Rxd5 Rc6 31. Rxb5 Rxa6 32. Rb7 Be7 33. Bh4+
1-0

[Event "Pardubice Open A"]
[Site "?"]
[Date "2015.07.28"]
[Round "5.6"]
[White "PREDKE, Alexandr"]
[Black "MINDLIN, Alon"]
[Result "1/2-1/2"]
[WhiteElo "2537"]
[BlackElo "2310"]
[PlyCount "41"]
[EventDate "2015.??.??"]
[WhiteClock "0:37:44"]
[BlackClock "0:40:36"]

1. e4 e5 2. Nf3 Nc6 3. Bb5 a6 4. Ba4 Nf6 5. d3 b5 6. Bb3 Be7 7. Nc3 d6 8. a4 b4
9. Nd5 Na5 10. Nxf6+ Bxf6 11. Bd5 c6 12. Ba2 O-O 13. O-O Rb8 14. Bd2 Be6 15.
Bxe6 fxe6 16. c3 bxc3 17. bxc3 c5 18. c4 Qc7 19. Qc2 Nc6 20. Rab1 Rxb1 21. Rxb1
1/2-1/2

[Event "Pardubice Open A"]
[Site "?"]
[Date "2015.07.28"]
[Round "5.7"]
[White "POETSCH, Hagen"]
[Black "PAP, Gyula"]
[Result "0-1"]
[WhiteElo "2498"]
[BlackElo "2536"]
[PlyCount "144"]
[EventDate "2015.??.??"]
[WhiteClock "0:01:11"]
[BlackClock "0:02:03"]

1. e4 e6 2. d4 d5 3. Nc3 Bb4 4. Nge2 Nc6 5. a3 Ba5 6. Be3 Nf6 7. e5 Ng4 8. Nf4
Ngxe5 9. dxe5 d4 10. Bb5 dxe3 11. Qxd8+ Kxd8 12. O-O-O+ Ke7 13. Bxc6 bxc6 14.
f3 Ba6 15. Rhe1 Bb6 16. Nd3 Rhd8 17. Nb4 Bb7 18. Nd3 Ba6 19. Nb4 Bb7 20. Nd3 c5
21. b3 c4 22. bxc4 Ba5 23. Nb4 Rxd1+ 24. Rxd1 c5 25. Nba2 Bc7 26. f4 Bxg2 27.
Rg1 Bf3 28. Re1 g5 29. Rxe3 g4 30. Nb5 Ba5 31. Nac3 h5 32. Ne4 Bxe4 33. Rxe4 a6
34. Nd6 Bc3 35. Re3 Bd4 36. Rb3 Kf8 37. h3 Bf2 38. hxg4 hxg4 39. Kd1 Kg7 40.
Ke2 Bh4 41. Rb7 Rf8 42. Ra7 Kg6 43. Rxa6 Rb8 44. Ra7 Rb1 45. Ra8 Kg7 46. Ne8+
Kg6 47. Nd6 Kg7 48. Ne8+ Kh7 49. Nf6+ Bxf6 50. exf6 Rc1 51. Rf8 Kg6 52. Rg8+
Kxf6 53. Rxg4 Kf5 54. Rg5+ Kxf4 55. Rxc5 Rxc2+ 56. Kd3 Ra2 57. Ra5 e5 58. c5
e4+ 59. Kc3 e3 60. Ra7 f5 61. c6 Ra1 62. Kd3 Rd1+ 63. Ke2 Rd2+ 64. Ke1 Rc2 65.
c7 Kf3 66. Kd1 Rc6 67. Rb7 f4 68. a4 Kf2 69. Rb2+ Kf1 70. Rc2 Rxc7 71. Rxc7 e2+
72. Kc2 e1=Q 0-1